Szabó András zongoraestje
Elmentve itt :
| Szerző: | |
|---|---|
| Dokumentumtípus: | Cikk |
| Megjelent: |
1947-11-29
|
| Sorozat: | Délmagyarország
4 No. 272 |
| Kulcsszavak: | Szabó András, Zenei élet hangverseny Szeged 1947, zeneélet |
| Online Access: | http://dmarchiv.bibl.u-szeged.hu/76297 |
| LEADER | 00496nab a2200157 i 4500 | ||
|---|---|---|---|
| 001 | delm76297 | ||
| 005 | 20180928084357.0 | ||
| 008 | 180928s1947 hu o 0|| hun d | ||
| 040 | |a SZTE Délmagyarország Archívum |b hun | ||
| 041 | |a hun | ||
| 100 | 1 | |a Szatmári Géza | |
| 245 | 1 | 0 | |a Szabó András zongoraestje |h [elektronikus dokumentum] / |c Szatmári Géza |
| 260 | |c 1947-11-29 | ||
| 300 | |a 2 | ||
| 490 | 0 | |a Délmagyarország |v 4 No. 272 | |
| 695 | |a Szabó András, Zenei élet hangverseny Szeged 1947, zeneélet | ||